00523 2200205 4500245005300000020001800053250001100071100001300082700001900095700002200114650001500136650001600151650001200167005001900179260006300198041001400261084000800275300002500283336000900308 aMembuat Aneka Produk Olahan IkancMuthoharhText a979-489-819-8 aCet. 1 aMuthohar aIsna Setyanova aSafri Burhanuddin aGastronomi aOlahan Ikan aMasakan a20240222105437 aJakartabDeputi Kewirausahaan Pemuda dan Industri Olahraga aIndonesia a641 ax, 69 hlm. :c20 cm. atext